| 000 | 00738cam a2200181 i 4500 | ||
|---|---|---|---|
| 005 | 20251210111215.0 | ||
| 008 | 250721s2011 ua gr 000 0 ara d | ||
| 082 | 1 | 4 | _a216.25/شعر |
| 100 | 1 |
_aالشعراوي، عبد الرحيم محمد متولي _eمؤلف. |
|
| 245 | 1 | 0 |
_aالحج و العمرة / _cللامام متولي الشعراوي؛ حققه واعتنى به عبد الرحيم متولي الشعراوي . |
| 264 | 1 |
_aالقاهرة : _bدار التوفيقية، _c2011. |
|
| 300 | _a312 صفحه. | ||
| 650 | 1 | 7 | _aالحج. |
| 650 | 1 | 7 | _aالعبادة. |
| 700 | 1 |
_aالشعراوي عبدالرحيم محمد متولي. _eحققه واعتنى به |
|
| 942 |
_2ddc _cBK |
||
| 999 |
_c133010 _d133010 |
||